| 000 | 00499nam a2200181Ia 4500 | ||
|---|---|---|---|
| 005 | 20250508160900.0 | ||
| 008 | 008 250505s9999 xx 000 0 hin d | ||
| 037 | _aTextBook | ||
| 040 |
_aFEDL _beng _cFEDL |
||
| 041 |
_ahin _2hin |
||
| 084 |
_a371.3, VID _qFEDL |
||
| 245 | 0 | _aEkai patth yojnayain | |
| 260 |
_aJaipur, India _bRajasthan Hindi Granth Akademi _c1972 |
||
| 300 | _a261p | ||
| 650 |
_aTeaching Method _9765973 |
||
| 942 |
_cTB _h371.3, VID |
||
| 999 |
_c1367163 _d1367163 |
||